| 000 | 00846nam a2200205 a 4500 | ||
|---|---|---|---|
| 001 | 000021701 | ||
| 005 | 20200930011422.0 | ||
| 008 | 100910s2004 dr abd r 000 0 spa d | ||
| 040 |
_aDO-SdBNP _bspa _cBNPHU |
||
| 082 |
_a352.48 _bR426p, 2004 |
||
| 110 | 1 |
_aRepública Dominicana. _bSecretariado Técnico de la Presidencia. _bOficina Nacional de Planificación. _911062 |
|
| 245 | 1 | 0 | _aPresupuesto de inversión pública año 2004 /. |
| 260 |
_aSanto Domingo : _bSecretariado Técnico de la Presidencia, _c2004. |
||
| 300 |
_a233 p. : _bil., gráf. ; _c22 cm. |
||
| 590 | _aInventariado, 2018/BT | ||
| 650 | 4 |
_aPresupuesto _zRepública Dominicana _97940 |
|
| 650 | 4 |
_aRepública dominicana _xGastos presupuestados públicos _y2004 _944664 |
|
| 650 | 4 |
_aHacienda pública _zRepública Dominicana _96562 |
|
| 910 | _aValidado. Control de calidad. MMOLINA | ||
| 999 |
_c21200 _d21200 |
||